000 00694nam a2200277Ia 4500
005 20260324142933.0
008 008 260324s9999 xx 000 0 eng d
020 _a9780203355824
037 _aEBOOK
040 _aCRL
040 _beng
040 _cCRL
041 _2eng
041 _aeng
084 _qCRL
100 _aHenryk Kierzkowski; Marek Okólski; Stanislaw H. Wellisz
_91213791
245 0 _aStabilization and Structural Adjustment in Poland
260 _bTaylor and Francis
260 _c1993
365 _a
365 _b240
856 _uhttp://www.taylorfrancis.com/books/9780203355824
942 _cEBOOK
999 _c1818586
_d1818586